[Event "Cheliabinsk Panchenko Memorial op-B"]
[Site "Cheliabinsk"]
[Date "2022.09.18"]
[Round "7"]
[White "Efimova, Darya"]
[Black "Kudriavtseva, Natalia"]
[Result "1-0"]
[WhiteElo "1669"]
[BlackElo "1625"]
[PlyCount "61"]
[EventDate "2022.09.12"]
[EventType "swiss"]
[EventRounds "10"]
[EventCountry "RUS"]
[SourceTitle "CBM 210 Extra"]
[Source "ChessBase"]
[SourceDate "2022.11.30"]
[SourceVersion "1"]
[SourceVersionDate "2022.11.30"]
[SourceQuality "1"]

1. e4 e5 2. Nf3 Nc6 3. d4 exd4 4. Bc4 Nf6 5. e5 d5 6. Bb5 Ne4 7. Nxd4 Bd7 8. Bxc6 bxc6 9. 0-0 Bc5 10. Be3 Bb6 11. Nd2 Nxd2 12. Qxd2 h6 13. b4 0-0 14. f4 Qe7 15. Rae1 c5 16. bxc5 Bxc5 17. Bf2 Bb6 18. f5 Qg5 19. Be3 Qh5 20. Qf2 c5 21. Ne2 d4 22. Bd2 Bb5 23. Ng3 Qh4 24. Re4 Qe7 25. f6 Qe6 26. fxg7 Rfe8 27. Rfe1 c4 28. Nh5 Red8 29. Nf6+ Kxg7 30. Qg3+ Kf8 31. Bb4+ 1-0

[Event "RUS-ch Silent (Women)"]
[Site "Zelenograd"]
[Date "2022.04.15"]
[Round "10"]
[White "Kudriavtseva, Natalia"]
[Black "Panina, Valeria"]
[Result "0-1"]
[WhiteElo "1807"]
[BlackElo "1788"]
[PlyCount "102"]
[EventDate "2022.04.09"]
[EventType "tourn"]
[EventRounds "13"]
[EventCountry "RUS"]
[SourceTitle "EXT 2023"]
[Source "ChessBase"]
[SourceDate "2022.10.05"]
[SourceVersion "1"]
[SourceVersionDate "2022.10.05"]
[SourceQuality "1"]

1. e4 c6 2. d4 d5 3. exd5 cxd5 4. Bd3 Nc6 5. c3 Nf6 6. Nf3 Bg4 7. 0-0 e6 8. Bf4 Bd6 9. Bxd6 Qxd6 10. Nbd2 0-0 11. Re1 Rfe8 12. h3 Bh5 13. Qe2 e5 14. dxe5 Nxe5 15. Qf1 Nxf3+ 16. Nxf3 Bxf3 17. gxf3 Nh5 18. Rxe8+ Rxe8 19. Re1 Re5 20. Rxe5 Qxe5 21. Qd1 Qg5+ 22. Kh2 Qh4 23. Qd2 Nf4 24. Bf1 b6 25. Qd4 g6 26. Bg2 Qg5 27. Bf1 Qh4 28. Bg2 Nxg2 29. Kxg2 Qxd4 30. cxd4 Kg7 31. Kg3 Kf6 32. f4 Kf5 33. f3 h6 34. b3 a6 35. a3 f6 36. b4 b5 37. Kh4 Kxf4 38. a4 Kxf3 39. axb5 g5+ 40. Kh5 axb5 41. Kg6 Kg3 42. Kxf6 Kxh3 43. Ke5 g4 44. Kxd5 g3 45. Kc6 g2 46. d5 g1Q 47. d6 Qg6 48. Kc7 Qg3 49. Kc6 Qf3+ 50. Kc7 Qc3+ 51. Kb6 Qxb4 0-1

[Event "RUS-ch Silent (Women)"]
[Site "Zelenograd"]
[Date "2019.04.05"]
[Round "3"]
[White "Kozyreva, Olga"]
[Black "Kudriavtseva, Natalia"]
[Result "0-1"]
[WhiteElo "1958"]
[BlackElo "1916"]
[PlyCount "52"]
[EventDate "2019.04.03"]
[EventType "tourn"]
[EventRounds "11"]
[EventCountry "RUS"]
[SourceTitle "CBM 190 Extra"]
[Source "ChessBase"]
[SourceDate "2019.07.15"]
[SourceVersion "1"]
[SourceVersionDate "2019.07.15"]
[SourceQuality "1"]

1. e4 e5 2. Nf3 Nc6 3. g3 Nf6 4. d3 Bc5 5. Bg2 d6 6. Nc3 0-0 7. Na4 Bb6 8. 0-0 Bg4 9. Nxb6 axb6 10. c3 Qd7 11. Qc2 h6 12. Be3 Bh3 13. Ne1 Bxg2 14. Kxg2 Qe6 15. a3 Rae8 16. c4 Nh7 17. Qe2 f5 18. f3 f4 19. Bg1 fxg3 20. hxg3 Ng5 21. g4 h5 22. Be3 Qg6 23. Bxg5 Qxg5 24. Nc2 Rf4 25. Ne3 Nd4 26. Qd1 Ref8 0-1

[Event "RUS-ch Silent (Women)"]
[Site "Zelenograd"]
[Date "2018.11.01"]
[Round "9"]
[White "Balakhieva, Klavdia"]
[Black "Kudriavtseva, Natalia"]
[Result "0-1"]
[WhiteElo "1399"]
[BlackElo "1975"]
[PlyCount "68"]
[EventDate "2018.10.25"]
[EventType "tourn"]
[EventRounds "11"]
[EventCountry "RUS"]
[SourceTitle "EXT 2020"]
[Source "ChessBase"]
[SourceDate "2019.10.17"]
[SourceVersion "1"]
[SourceVersionDate "2019.10.17"]
[SourceQuality "1"]

1. e4 e5 2. Nf3 Nc6 3. Bc4 Nf6 4. Nc3 Bc5 5. b3 d6 6. Ng5 0-0 7. 0-0 h6 8. Nf3 Bg4 9. h3 Bh5 10. g4 Nxg4 11. hxg4 Bxg4 12. Be2 Bxf3 13. Bxf3 Qg5+ 14. Bg2 h5 15. Ne2 Qg4 16. c3 h4 17. Kh2 Rae8 18. Bh3 Qf3 19. Bg2 Qd3 20. f4 exf4 21. Rxf4 d5 22. Rxh4 Bd6+ 23. Kh1 dxe4 24. Bxe4 Rxe4 25. Rxe4 Qxe4+ 26. Kg1 Qg4+ 27. Kf1 Qf3+ 28. Ke1 Re8 29. d3 Bg3+ 30. Kd2 Ne5 31. Kc2 Bh2 32. Bb2 Ng4 33. Bc1 Rxe2+ 34. Bd2 Ne3+ 0-1

[Event "RUS-ch Silent (Women)"]
[Site "Zelenograd"]
[Date "2015.06.02"]
[Round "1"]
[White "Zhaferova, Flura"]
[Black "Kudriavtseva, Natalia"]
[Result "0-1"]
[WhiteElo "1658"]
[BlackElo "2055"]
[PlyCount "82"]
[EventDate "2015.06.02"]
[EventType "tourn"]
[EventRounds "13"]
[EventCountry "RUS"]
[SourceTitle "EXT 2018"]
[Source "ChessBase"]
[SourceDate "2017.10.13"]
[SourceVersion "1"]
[SourceVersionDate "2017.10.13"]
[SourceQuality "1"]

1. d4 d5 2. Nf3 e6 3. g3 c6 4. Bg2 Nf6 5. Bg5 h6 6. Bxf6 Qxf6 7. c3 c5 8. 0-0 Bd6 9. Nbd2 0-0 10. e4 dxe4 11. Nxe4 Qe7 12. dxc5 Bxc5 13. Nxc5 Qxc5 14. Qd4 Qe7 15. Rfd1 Nc6 16. Qd6 Qf6 17. Qc7 Re8 18. Qd6 Rd8 19. Qa3 e5 20. Rxd8+ Nxd8 21. Nd2 Nc6 22. Ne4 Qd8 23. Qd6 Qb6 24. Qa3 Bf5 25. Nd6 Be6 26. b3 Rd8 27. Rd1 Ne7 28. c4 Qc7 29. c5 b6 30. b4 Nf5 31. Rc1 Nxd6 32. cxd6 Qxd6 33. Qc3 Rc8 34. Qe1 Rxc1 35. Qxc1 Qxb4 36. a3 Qd4 37. Qc7 Qd1+ 38. Bf1 Bh3 39. Qc4 Qxf1+ 40. Qxf1 Bxf1 41. Kxf1 f6 0-1

[Event "RUS-ch Silent (Women)"]
[Site "Zelenograd"]
[Date "2015.06.01"]
[Round "12"]
[White "Malina, Olga"]
[Black "Kudriavtseva, Natalia"]
[Result "0-1"]
[WhiteElo "1758"]
[BlackElo "2055"]
[PlyCount "58"]
[EventDate "2015.06.02"]
[EventType "tourn"]
[EventRounds "13"]
[EventCountry "RUS"]
[SourceTitle "EXT 2018"]
[Source "ChessBase"]
[SourceDate "2017.10.13"]
[SourceVersion "1"]
[SourceVersionDate "2017.10.13"]
[SourceQuality "1"]

1. e4 e5 2. Nf3 Nc6 3. Bc4 Bc5 4. d3 Nf6 5. 0-0 0-0 6. a3 h6 7. b4 Bd6 8. Nc3 a6 9. Nh4 Nxe4 10. Nxe4 Qxh4 11. Nxd6 cxd6 12. Bb2 Ne7 13. g3 Qh3 14. Qf3 Rb8 15. Bd5 b5 16. c4 Nxd5 17. cxd5 Bb7 18. d4 f6 19. dxe5 dxe5 20. a4 bxa4 21. Rxa4 Rfc8 22. Qe4 d6 23. Rc1 Rxc1+ 24. Bxc1 Rc8 25. Bd2 f5 26. Qd3 f4 27. Qe4 Rc2 28. Be1 Rc1 29. Ra5 f3 0-1

[Event "RUS-ch Silent (Women)"]
[Site "Zelenograd"]
[Date "2014.09.24"]
[Round "8"]
[White "Kudriavtseva, Natalia"]
[Black "Zhaferova, Flura"]
[Result "1-0"]
[WhiteElo "2103"]
[BlackElo "1662"]
[PlyCount "53"]
[EventDate "2014.09.18"]
[EventType "tourn"]
[EventRounds "11"]
[EventCountry "RUS"]
[SourceTitle "EXT 2023"]
[Source "ChessBase"]
[SourceDate "2022.10.05"]
[SourceVersion "1"]
[SourceVersionDate "2022.10.05"]
[SourceQuality "1"]

1. e4 e6 2. d4 d5 3. exd5 exd5 4. Bd3 Nc6 5. c3 Bd6 6. Nf3 Bg4 7. 0-0 Nf6 8. Re1+ Ne7 9. Bg5 Nd7 10. Nbd2 f6 11. Be3 c6 12. h3 Bxf3 13. Nxf3 Qc7 14. c4 dxc4 15. Bxc4 0-0-0 16. Qb3 Qb6 17. Qc2 g6 18. Be6 Kb8 19. a4 Nf8 20. a5 Qc7 21. Bc4 Bb4 22. Re2 Bxa5 23. Rxa5 Qxa5 24. Bf4+ Ka8 25. Rxe7 Nd7 26. Nd2 Rhe8 27. Rxh7 1-0

[Event "Zelenograd Summer Silent op"]
[Site "Zelenograd"]
[Date "2014.06.06"]
[Round "3"]
[White "Kudriavtseva, Natalia"]
[Black "Alieva, Viktoria"]
[Result "0-1"]
[WhiteElo "2135"]
[BlackElo "1524"]
[PlyCount "62"]
[EventDate "2014.06.04"]
[EventType "swiss"]
[EventRounds "9"]
[EventCountry "RUS"]
[SourceTitle "CBM 161 Extra"]
[Source "ChessBase"]
[SourceDate "2014.08.29"]
[SourceVersion "1"]
[SourceVersionDate "2014.08.29"]
[SourceQuality "1"]

1. e4 c6 2. d4 d5 3. exd5 cxd5 4. h3 Bf5 5. Bd3 Bxd3 6. Qxd3 Qb6 7. Nc3 e6 8. Nf3 Nc6 9. 0-0 g6 10. Re1 Nge7 11. Nb5 Nb4 12. Qe2 Nxc2 13. Qxc2 Qxb5 14. Bg5 Rc8 15. Qd1 Bg7 16. Bxe7 Kxe7 17. Qb3 Qxb3 18. axb3 a6 19. Re2 Rc6 20. Ra5 Rhc8 21. Rxd5 Rc2 22. Rxc2 Rxc2 23. Rc5 Rxc5 24. dxc5 Bxb2 25. Nd2 Bd4 26. c6 b5 27. Kf1 Kd6 28. Ne4+ Kxc6 29. Ng5 a5 30. Ke2 a4 31. bxa4 bxa4 0-1

[Event "Zelenograd Spring Silent op"]
[Site "Zelenograd"]
[Date "2014.03.09"]
[Round "7"]
[White "Okrugin, Alexander"]
[Black "Kudriavtseva, Natalia"]
[Result "1/2-1/2"]
[WhiteElo "2030"]
[BlackElo "2157"]
[PlyCount "26"]
[EventDate "2014.03.02"]
[EventType "swiss"]
[EventRounds "9"]
[EventCountry "RUS"]
[SourceTitle "EXT 2016"]
[Source "ChessBase"]
[SourceDate "2015.10.08"]
[SourceVersion "1"]
[SourceVersionDate "2015.10.08"]
[SourceQuality "1"]

1. d4 e6 2. c4 d5 3. Nc3 Nf6 4. cxd5 exd5 5. Bg5 Be7 6. e3 0-0 7. Nf3 c6 8. h3 h6 9. Bxf6 Bxf6 10. Bd3 Nd7 11. 0-0 Nb6 12. a3 a5 13. Rc1 Re8 1/2-1/2

[Event "Zelenograd Spring Silent op"]
[Site "Zelenograd"]
[Date "2014.03.08"]
[Round "6"]
[White "Kudriavtseva, Natalia"]
[Black "Malyuga, Valentin"]
[Result "1/2-1/2"]
[WhiteElo "2157"]
[BlackElo "2163"]
[PlyCount "24"]
[EventDate "2014.03.02"]
[EventType "swiss"]
[EventRounds "9"]
[EventCountry "RUS"]
[SourceTitle "EXT 2016"]
[Source "ChessBase"]
[SourceDate "2015.10.08"]
[SourceVersion "1"]
[SourceVersionDate "2015.10.08"]
[SourceQuality "1"]

1. e4 e5 2. Nf3 Nc6 3. Bb5 a6 4. Bxc6 dxc6 5. d3 Nf6 6. 0-0 Bd6 7. Nc3 Bg4 8. h3 Bxf3 9. Qxf3 0-0 10. Bg5 Be7 11. Rae1 h6 12. Bxf6 Bxf6 1/2-1/2